[Event "Challenge"]
[Site "http://www.queenalice.com/game.php?id=795755"]
[Date "2010.6.27"]
[Round "-"]
[White "UU"]
[Black "JOTA_CALAMAR"]
[Result "1-0"]
[WhiteElo "1415"]
[BlackElo "1592"]

1. e4 e5 2. Nf3 Nc6 3. Nc3 Bb4 4. d4 exd4 5. Nxd4 Bxc3+ 6. bxc3 Nf6 7. Bg5 h6 8.
Bf4 Nxe4 9. Qg4 O-O 10. Bxh6 Nf6 11. Qxg7# 1-0

[Event "AUTO-INT-1740"]
[Site "http://www.queenalice.com/game.php?id=795988"]
[Date "2010.6.28"]
[Round "1"]
[White "UU"]
[Black "Vinicius92"]
[Result "0-1"]
[WhiteElo "1576"]
[BlackElo "1512"]

1. e4 e5 2. Nf3 Bc5 3. d4 Bb6 4. Nxe5 Qf6 5. Nc3 c5 6. dxc5 Bxc5 7. Qe2 Qxe5 8.
Na4 Na6 9. Be3 d6 10. Qb5+ Ke7 11. Bd3 Bd7 12. Qa5 Bb4+ 13. Qxb4 Nxb4 14. Nc3
Nxc2+ 15. Bxc2 Qb5 16. Nxb5 Bxb5 17. Rd1 Rc8 18. Bb3 Nf6 19. Bg5 Bc6 20. O-O Kd7
21. e5 Ne4 22. Bxf7 Nxg5 23. Rxd6+ Ke7 24. Bh5 g6 25. Bg4 Rcf8 26. h4 Nf7 27.
Re6+ Kd8 28. Rd1+ Kc7 29. Re7+ Kb6 30. Rc1 Bd5 31. b3 h5 32. Be6 Bxe6 33. Rxe6+
Kb5 34. Rc4 Rc8 35. Re7 Nh6 36. Rxb7+ Ka6 37. Re7 Rxc4 38. bxc4 Nf5 39. Rd7 Nxh4
40. e6 Nf5 41. c5 Kb5 42. Rc7 Re8 43. f4 Rxe6 44. Kf2 Rc6 45. Rxa7 Rxc5 46. Kf3
h4 47. Kg4 Rc3 48. Kg5 Rg3+ 49. Kf6 Rxg2 50. Ke5 h3 51. Rh7 h2 52. Ke4 Re2+ 53.
Kf3 Rxa2 54. Kg4 Rg2+ 55. Kf3 Rb2 56. Kg4 Kc5 57. Kf3 Kd4 58. Rd7+ Kc5 59. Rc7+
Kd6 60. Rc1 Kd5 61. Rd1+ Ke6 62. Re1+ Kf6 63. Kg4 Rb8 64. Rc1 Rh8 65. Rh1 Rh4+
66. Kf3 Rh3+ 67. Kg2 Ng3 68. Kxh3 Nxh1 69. Kxh2 Nf2 70. Kg3 Nd3 71. Kg4 Nf2+ 72.
Kf3 Nd1 73. Ke4 Nc3+ 74. Kf3 Kf5 75. Ke3 Nd5+ 0-1

[Event "AUTO-INT-1740"]
[Site "http://www.queenalice.com/game.php?id=795999"]
[Date "2010.6.28"]
[Round "1"]
[White "UU"]
[Black "vieri"]
[Result "1-0"]
[WhiteElo "1505"]
[BlackElo "1430"]

1. e4 e5 2. Nf3 Nc6 3. d4 Bb4+ 4. c3 Ba5 5. Bb5 exd4 6. Nxd4 Ne5 7. Bf4 Ng6 8.
Qd2 c6 9. Ba4 Nf6 10. Bg5 O-O 11. O-O Qe8 12. Bxf6 gxf6 13. Bc2 Ne5 14. Nf5 Kh8
15. Qh6 Rg8 16. Qxf6+ Rg7 17. Qxg7# 1-0

[Event "AUTO-INT-1740"]
[Site "http://www.queenalice.com/game.php?id=796000"]
[Date "2010.6.28"]
[Round "1"]
[White "vieri"]
[Black "UU"]
[Result "1-0"]
[WhiteElo "1394"]
[BlackElo "1505"]

1. g3 e5 2. e4 Nc6 3. Bc4 Bb4 4. c3 Bc5 5. Qf3 Nh6 6. g4 Na5 7. Bd5 Qf6 8. Qxf6
gxf6 9. b4 Bb6 10. bxa5 Bxa5 11. h3 c6 12. Bc4 d6 13. Ba3 c5 14. Bb5+ Bd7 15.
Bxd7+ Kxd7 16. Nf3 b5 17. d4 cxd4 18. O-O dxc3 19. Nxc3 Bxc3 20. Rac1 b4 21. Rc2
a5 22. Bc1 Ng8 23. Be3 Rb8 24. a3 Ne7 25. axb4 axb4 26. Rb1 Nc6 27. Rb3 Na5 28.
Rb1 Rhc8 29. Kg2 Nc4 30. Ba7 b3 31. Rxc3 1-0

[Event "Challenge"]
[Site "http://www.queenalice.com/game.php?id=796431"]
[Date "2010.6.29"]
[Round "-"]
[White "chyco"]
[Black "UU"]
[Result "1-0"]
[WhiteElo "1512"]
[BlackElo "1526"]

1. e4 e5 2. Qf3 Nc6 3. Bc4 Qe7 4. Nh3 d6 5. Ng5 Nh6 6. h4 Nd4 7. Qd3 Be6 8. Bb5+
c6 9. b3 cxb5 10. c3 Nxb3 11. axb3 Bd7 12. Ba3 Qf6 13. f3 Be7 14. Qd5 Rb8 15. c4
bxc4 16. bxc4 Be6 17. Qb5+ Bd7 18. Qb3 Qf4 19. Rh3 Bxh3 20. Nxh3 Qxh4+ 21. Kf1
O-O 22. Nc3 a6 23. Nd5 Bd8 24. Bxd6 Rc8 25. Bxf8 Kxf8 26. d3 Rb8 27. Qb4+ Kg8
28. Qd6 Rc8 29. Qd7 g6 30. Qxc8 f5 31. Qe6+ Nf7 32. Rb1 Qh6 33. Rxb7 Qf8 34. Rb8
fxe4 35. Nf6+ Kg7 36. Nd7 Qd6 37. Qxd6 Nxd6 38. Rxd8 exd3 39. Nxe5 Nf5 40. Rxd3
1-0

[Event "Challenge"]
[Site "http://www.queenalice.com/game.php?id=796928"]
[Date "2010.6.30"]
[Round "-"]
[White "acam"]
[Black "UU"]
[Result "1-0"]
[WhiteElo "1519"]
[BlackElo "1524"]

1. d4 d5 2. c4 dxc4 3. e3 Nc6 4. Bxc4 e6 5. Nf3 Nf6 6. O-O Bb4 7. Ne5 Nxe5 8.
dxe5 Qxd1 9. Rxd1 O-O 10. exf6 gxf6 11. e4 b6 12. Bh6 Re8 13. Bb5 Bd7 14. Bxd7
Red8 15. a3 Bf8 16. Bxf8 Kxf8 17. Nc3 c5 18. Nb5 1-0

[Event "Challenge"]
[Site "http://www.queenalice.com/game.php?id=799417"]
[Date "2010.7.6"]
[Round "-"]
[White "Petrucio"]
[Black "UU"]
[Result "0-1"]
[WhiteElo "1405"]
[BlackElo "1510"]

1. b4 e5 2. Bb2 Nc6 3. a3 d5 4. Nf3 Nf6 5. Bxe5 Ne4 6. d3 Ng5 7. b5 Nxe5 8. h4
Ngxf3+ 9. gxf3 Bc5 10. d4 Bb6 11. dxe5 Ba5+ 12. c3 Bf5 13. e4 dxe4 14. Qc1 exf3
15. Nd2 c6 16. Nxf3 cxb5 17. Qb2 a6 18. Rd1 Qc7 19. Nd4 Bxc3+ 20. Qd2 Bxd2+ 21.
Kxd2 Qa5+ 22. Ke3 Bg4 23. f3 Bd7 24. Bh3 Bxh3 25. Rxh3 Qxa3+ 26. Rd3 Qc1+ 27.
Rd2 Rc8 28. Nb3 Qe1+ 29. Kd4 Qg1+ 30. Ke4 O-O 31. Na5 Qe1+ 32. Kd3 Rfd8# 0-1

[Event "Challenge"]
[Site "http://www.queenalice.com/game.php?id=799883"]
[Date "2010.7.7"]
[Round "-"]
[White "etorvici"]
[Black "UU"]
[Result "1-0"]
[WhiteElo "1640"]
[BlackElo "1526"]

1. e4 e5 2. Nf3 Nc6 3. d3 Nf6 4. Nc3 Bb4 5. Bd2 d6 6. a3 Ba5 7. h3 d5 8. b4 Bb6
9. b5 Na5 10. a4 O-O 11. g4 dxe4 12. Nxe5 Re8 13. f4 exf3 14. Qxf3 Rxe5+ 15. Kd1
Bd4 16. Qg3 Qe8 17. Bg2 Bxc3 18. Bxc3 Re7 19. Bxa5 b6 20. Bb4 Rb8 21. Bxe7 Qxe7
22. Re1 Qc5 23. g5 1-0